Biblioteca y Centro de Documentación

Key topics in education (Registro nro. 9486)

Detalles MARC
000 -CABECERA
Longitud fija campo de control 01287nam a2200361 c 4500
001 - NÚMERO DE CONTROL
Número de control 9486
003 - IDENTIFICADOR DE NÚMERO DE CONTROL
Identificador del número de control ES-MaCES
005 - FECHA Y HORA DE LA ÚLTIMA TRANSACCIÓN
Fecha y hora de la última transacción 20160629131855.0
008 - CAMPO FIJO DE DESCRIPCIÓN FIJA--INFORMACIÓN GENERAL
Códigos de información de longitud fija   991005s1999 lu bd t o000 | eng d
020 ## - ISBN (INTERNATIONAL STANDARD BOOK NUMBER)
Número Internacional Normalizado para Libros (ISBN) 928285163X
035 ## - NÚMERO DE CONTROL DEL SISTEMA
Número de control del sistema CES19990014342m
040 ## - FUENTE DE CATALOGACIÓN
Centro catalogador de origen ES-MaCES
Lengua de catalogación spa
Centro transcriptor ES-MaCES
245 00 - MENCIÓN DE TÍTULO
Título Key topics in education
Nombre de parte o sección de la obra Volume I, Financial support for students in higher education in Europe : trends and debates
Mención de responsabilidad, etc. European Commission
260 ## - PUBLICACIÓN, DISTRIBUCIÓN, ETC (PIE DE IMPRENTA)
Lugar de publicación, distribución, etc. Luxembourg
Nombre del editor, distribuidor, etc. Office for Official Publications of the European Communities
Fecha de publicación, distribución, etc. [1999]
300 ## - DESCRIPCIÓN FÍSICA
Extensión X, 260 p.
Otras características físicas map., gráf. col.
Dimensiones 30 cm
500 ## - NOTA GENERAL
Nota general Precede al tít: Eurydice
541 ## - NOTA DE LA FUENTE INMEDIANTE DE ADQUISICIÓN
Forma de adquisición Compra
650 #4 - ASIENTO SECUNDARIO DE MATERIA--TÉRMINO DE MATERIA
Término de materia o nombre geográfico como elemento inicial estudiante
9 (RLIN) 27441
650 #4 - ASIENTO SECUNDARIO DE MATERIA--TÉRMINO DE MATERIA
Término de materia o nombre geográfico como elemento inicial enseñanza superior
9 (RLIN) 27379
650 #4 - ASIENTO SECUNDARIO DE MATERIA--TÉRMINO DE MATERIA
Término de materia o nombre geográfico como elemento inicial subsidio para estudios
9 (RLIN) 29276
650 #4 - ASIENTO SECUNDARIO DE MATERIA--TÉRMINO DE MATERIA
Término de materia o nombre geográfico como elemento inicial beca
9 (RLIN) 27403
650 #4 - ASIENTO SECUNDARIO DE MATERIA--TÉRMINO DE MATERIA
Término de materia o nombre geográfico como elemento inicial prestaciones familiares
9 (RLIN) 27038
650 #4 - ASIENTO SECUNDARIO DE MATERIA--TÉRMINO DE MATERIA
Término de materia o nombre geográfico como elemento inicial Europa
9 (RLIN) 26940
650 #4 - ASIENTO SECUNDARIO DE MATERIA--TÉRMINO DE MATERIA
Término de materia o nombre geográfico como elemento inicial estudio de casos
9 (RLIN) 28846
650 #4 - ASIENTO SECUNDARIO DE MATERIA--TÉRMINO DE MATERIA
Término de materia o nombre geográfico como elemento inicial 1995-1998
9 (RLIN) 31062
650 #4 - ASIENTO SECUNDARIO DE MATERIA--TÉRMINO DE MATERIA
Término de materia o nombre geográfico como elemento inicial cuadros estadísticos
9 (RLIN) 28890
653 10 - TÉRMINO DE INDEXACIÓN--NO CONTROLADO
Término no controlado Educación
710 2# - ENCABEZAMIENTO SECUNDARIO--NOMBRE CORPORATIVO
Nombre de entidad o nombre de jurisdicción como elemento inicial Red de Información sobre la Educación en la Comunidad Europea (Organización)
9 (RLIN) 4877
710 2# - ENCABEZAMIENTO SECUNDARIO--NOMBRE CORPORATIVO
9 (RLIN) 2014
Nombre de entidad o nombre de jurisdicción como elemento inicial Comisión de las Comunidades Europeas
902 ## - CES. TIPO DE DOCUMENTO
Tipodoc (006$c Sirtex) LIB Libro
942 ## - ELEMENTOS KOHA
Fuente de clasificaión o esquema Clasificación propia del CES
Koha [por defecto] tipo de item Monografías
Parte de clasificación 4.0.
Existencias
Número de registro Signatura completa Tipo de item de Koha
032336 DPT-8637 Monografías
© CES, Consejo Económico y Social de España 2021